000 00644nam a2200253Ia 4500
003 OSt
005 20220924114904.0
006 a|||||r|||| 00| 0
007 ta
008 220923b |||||||| |||| 00| 0 ara d
024 _a342518
037 _cTextual
040 _aARTS
_cARTS
_bara
041 _2ara
_aara
082 _aQ7:21:g, 28L0
100 _aAbdullah Au.
245 0 _aAhkam-al-Quran
260 _aCairo
_bMatba-i-al-sa'adat Egypt
_c1970
300 _a456p.
_ccm.
650 _a RELIGION
650 _aISLAM
_9577
942 _hQ7:21:g, 28L0
_cTEXL
_2CC
999 _c395823
_d395823